00610nam a2200193Ia 4500003000900000008004100009020001600050040001600066080001700082100002500099245005300124260003800177300001400215650001900229650002500248942000700273999001500280952012100295IN-BaIIA211028s9999 xx 000 0 eng d a471-76615-1 cIIA Library a621.791bSCH aSchwartz, M. M97341 0aModern metal joining techniquescMel M. Schwartz aNew YorkbJohn Wiley & Sonsc1969 axi, 479p. aNASA thesaurus aWorks practice97342 cBK c4174d4174 00104070aBANbBANcGENd1973-04-18g178.60l0o621.791/ SCHp4658r2021-11-05v178.60w1973-04-18yBKGRs. 178.60